Valtiot, joissa on eniten miljonäärejä - Statistics

Yleistilastot
  • Tätä visaa on pelattu 810 kertaa
  • Keskiarvotulos 16 / 20
Vastaustilastot
# Valtio % Oikein
23,8 milj. Yhdysvallat
100%
6,97 milj. Kiina
99%
2,90 milj. Ranska
96%
2,68 milj. Saksa
96%
2,73 milj. Japani
93%
2,10 milj. Kanada
93%
426 t. Venäjä
93%
1,20 milj. Espanja
90%
1,34 milj. Italia
90%
917 t. Intia
87%
2,62 milj. Yhdistynyt kuningaskunta
86%
433 t. Brasilia
84%
399 t. Meksiko
81%
490 t. Ruotsi
80%
1,90 milj. Australia
79%
1,20 milj. Sveitsi
74%
1,30 milj. Etelä-Korea
73%
1,27 milj. Alankomaat
61%
549 t. Belgia
58%
759 t. Taiwan
30%
Ehtoja vastaavia visoja ei löytynyt
Tulosjakauma
Jokaisen tuloksen saaneiden osuus
Persentiili vastausten määrän mukaan
Tuloshistoriasi
Et ole pelannut tätä visaa